000 00365 a2200157 4500
001 47347
020 _a8526214624 (broch.)
040 _cAnchieta - Aquarius
100 _aMendonça, Júlio
240 1 0 _a=Guerra dentro da gente
_lpor
245 1 0 _a=Guerra dentro da gente
300 _a64 p.
362 0 _a2013
650 4 _aLiteratura brasileira
942 _cBK
999 _c47347
_d47347